| 000 | 00529nam a2200181Ia 4500 | ||
|---|---|---|---|
| 005 | 20250326144509.0 | ||
| 008 | 250326s9999 xx 000 0 und d | ||
| 037 | _aTextbook | ||
| 040 |
_aFMSL _beng _cFMSL |
||
| 041 |
_aeng _2eng |
||
| 084 |
_aSNIOBX:8 P8.1 _qFMSL |
||
| 100 |
_aBarling J _9749772 |
||
| 245 | 0 |
_aSage handbook of organizational behavior _cBarling J; Cooper C L |
|
| 260 |
_aNew Delhi _bNew Delhi, Sage _c2008 |
||
| 365 | _b13322.1 | ||
| 942 |
_cTB _hSNIOBX:8 P8.1 |
||
| 999 |
_c1303928 _d1303928 |
||